| 000 | 01094nam a2200313 a 4500 | ||
|---|---|---|---|
| 999 |
_c2003 _d2003 |
||
| 003 | BD-JhCC | ||
| 005 | 20221201134023.0 | ||
| 008 | 060717s2004 nyu 000 1 eng | ||
| 020 | _a9780312995423 (pbk.) | ||
| 020 | _a0312995423 (pbk.) | ||
| 035 | _a(BD-JhCC) | ||
| 040 |
_aDLC _cDLC _dDLC |
||
| 041 | _aeng | ||
| 050 | 0 | 0 |
_aPS3552.R685434 _bD54 2004c |
| 082 | 0 | 4 |
_a813/.54 _222 _bBRO 2004 |
| 100 | 1 |
_aBrown, Dan, _d1964- |
|
| 245 | 1 | 0 |
_aDigital fortress / _cDan Brown. |
| 260 |
_aNew York : _bSt. Martin's Paperbacks, _c2004. |
||
| 300 |
_a429 p. ; _c18 cm. |
||
| 650 | 0 |
_aIntelligence officers _vFiction. |
|
| 650 | 0 |
_aComputer security _vFiction. |
|
| 650 | 0 |
_aCryptographers _vFiction. |
|
| 655 | 7 |
_aSuspense fiction. _2gsafd |
|
| 856 | 4 | 2 |
_3Contributor biographical information _uhttp://www.loc.gov/catdir/enhancements/fy0665/2006700041-b.html |
| 856 | 4 | 2 |
_3Publisher description _uhttp://www.loc.gov/catdir/enhancements/fy0665/2006700041-d.html |
| 856 | 4 | 1 |
_3Sample text _uhttp://www.loc.gov/catdir/enhancements/fy0665/2006700041-s.html |
| 942 |
_2ddc _cBK _09 |
||